FIONA SOMERSET. — Clerical Discourse and Lay Audience in Late Medieval England. (Cambridge: Cambridge UP, 1998, ix + 241 pp., £ 40.00., $ 69.95.) (notice n° 1601763)
[ vue normale ]
| 000 -LEADER | |
|---|---|
| fixed length control field | 01579cam a2200169 4500500 |
| 005 - DATE AND TIME OF LATEST TRANSACTION | |
| control field | 20251228084528.0 |
| 041 ## - LANGUAGE CODE | |
| Language code of text/sound track or separate title | fre |
| 042 ## - AUTHENTICATION CODE | |
| Authentication code | dc |
| 100 10 - MAIN ENTRY--PERSONAL NAME | |
| Personal name | Carruthers, Leo |
| Relator term | author |
| 245 00 - TITLE STATEMENT | |
| Title | FIONA SOMERSET. — Clerical Discourse and Lay Audience in Late Medieval England. (Cambridge: Cambridge UP, 1998, ix + 241 pp., £ 40.00., $ 69.95.) |
| 260 ## - PUBLICATION, DISTRIBUTION, ETC. | |
| Date of publication, distribution, etc. | 2001.<br/> |
| 500 ## - GENERAL NOTE | |
| General note | 55 |
| 520 ## - SUMMARY, ETC. | |
| Summary, etc. | RésuméLe mode oblique de Margaret Atwood qui consiste à nommer en détail des choses afin de suggérer des concepts correspond à la stratégie que Roland Barthes a identifiée comme le langage indirect de la littérature. Cet essai étudiera le récit dédoublé de Cat’s Eye, qui tisse deux modes sémiotiques ancrés dans l’objet central, “tremblant”, de la toile, lieu de réflexion sur le langage, les conventions sociales, le pouvoir et les codes de perception. |
| 520 ## - SUMMARY, ETC. | |
| Summary, etc. | Margaret Atwood’s oblique mode consisting in naming things in detail so as to suggest concepts, corresponds to the strategy that Roland Barthes has identified as the indirect language of literature. This paper will explore the doubled narrative of Atwood’s novel Cat’s Eye, with its intermeshing of discursive and figural modes of representation grounded in the central “trembling” object of the canvas, in essence a reflexion on language, social conventions, power, and codes of perception. |
| 786 0# - DATA SOURCE ENTRY | |
| Note | Études anglaises | 54 | 3 | 2001-07-01 | p. VI-VI | 0014-195X |
| 856 41 - ELECTRONIC LOCATION AND ACCESS | |
| Uniform Resource Identifier | <a href="https://shs.cairn.info/revue-etudes-anglaises-2001-3-page-VI?lang=fr&redirect-ssocas=7080">https://shs.cairn.info/revue-etudes-anglaises-2001-3-page-VI?lang=fr&redirect-ssocas=7080</a> |
Pas d'exemplaire disponible.




Réseaux sociaux